Airline IATA codes - Statistics

General Stats
  • This quiz has been taken 108 times
  • The average score is 11 of 25
Answer Stats
Hint Answer % Correct
BA British Airways
95%
LH Lufthansa
83%
EK Emirates
78%
AF Air France
74%
KL KLM
68%
TK Turkish Airlines
68%
AC Air Canada
66%
QR Qatar Airways
61%
TP TAP
59%
SK SAS
51%
LX SWISS
50%
CA Air China
49%
OS Austrian Airlines
39%
LO LOT
36%
AY Finnair
34%
W6 Wizz Air
28%
A3 Aegean Airlines
24%
SN Brussels Airlines
24%
DY Norwegian
21%
FZ FlyDubai
20%
SM Air Cairo
12%
ENT Enter Air
12%
XC Corendon Airlines
8%
GQ Sky Express
8%
BJ Nouvelair
7%
No matching quizzes found
Score Distribution
Percent of People with Each Score
Percentile by Number Answered
Your Score History
You have not taken this quiz